prof en gestion de crise HEPN - Statistiques

Statistiques générales
  • Ce quiz a été pris 4 fois
  • Le résultat moyen est 46 sur 71
Statistiques - réponses
nom du cours nom prénom % Correct
Néerlandais 1 Berger Kirsten
100%
Anglais 1 Berger Kirsten
100%
Anglais 2 Berger Kirsten
100%
Traitement de l'information et de la communication Besançon Olivier
100%
Economie Besançon Olivier
100%
Introduction à l'économie et à la finance Collin Jean-Charles
100%
Introduction au droit Deblocq Laurence
100%
Institutions et administrations Deblocq Laurence
100%
Droit Deblocq Laurence
100%
Institutions et administrations Deleuze Véronique
100%
Droit Deleuze Véronique
100%
Introduction aux concepts de risque et de gestion de crise Glesner Colin
100%
Gestion de projets Glesner Colin
100%
Rétablissement Glesner Colin
100%
Activités d'intégration professionnelle III Glesner Colin
100%
Traitement de l'information et de la communication Legrain Diederick
100%
Communication Legrain Diederick
100%
Institutions et administrations Mullens Xavier
100%
Traitement de l'information et de la communication Perrad Béatrice
100%
Management Perrad Béatrice
100%
Néerlandais 2 Ponsard Françoise
100%
Néerlandais 3 Ponsard Françoise
100%
Gestion de projets Tordoir Benjamin
100%
Activités d'intégration profesionnelle 1 Tordoir Benjamin
100%
Management Tordoir Benjamin
100%
Pratique de gestion des risques et de planification au niveau national Tordoir Benjamin
100%
Activités d'intégration professionnelle 2 Tordoir Benjamin
100%
Exercice de gestion de crise, expérience professionnelle et intervention citoyenne Tordoir Benjamin
100%
Citoyens et victimes Tordoir Benjamin
100%
Analyse de cas et Mises en situation Tordoir Benjamin
100%
Rétablissement Tordoir Benjamin
100%
Activités d'intégration professionnelle III Tordoir Benjamin
100%
Travail de fin d'études Tordoir Benjamin
100%
Economie Wery Olivier
100%
Pratique de Communication Gardier Charles
67%
Communication de crise Iseux Antoine
67%
Gestion du changement Jamar Fabrice
67%
Analyse de cas et Mises en situation Navez Sophie
67%
Approche socio-politique de la crise Silva Castaneda Laura
67%
Management Silva Castaneda Laura
67%
Pratique de gestion des risques et de planification au niveau local Vanbrabant Patrice
67%
Pratique de gestion des risques et de planification au niveau national Vanbrabant Patrice
67%
Activités d'intégration professionnelle III Vanbrabant Patrice
67%
Introduction à la sociologie Woitrin Myllie
67%
Analyse de cas et Mises en situation Brouwers Arnaud
33%
Gestion des données et informatique Casier Hugues
33%
Citoyens et victimes Das Neves Ribeiro Nelson
33%
Gestion des données et informatique Dauvin Emmanuel
33%
Pratique de Communication Dubois Christophe
33%
Néerlandais 3 Henneghien Nathalie
33%
Pratique de gestion des risques et de planification au niveau national Leoni Bettina
33%
Activités d'intégration professionnelle III Leoni Bettina
33%
Gestion de projets Ramacker Benoît
33%
Activités d'intégration professionnelle III Ramacker Benoît
33%
Management Reyners Christophe
33%
Analyse de cas et Mises en situation Reyners Christophe
33%
Prise en charge et premiers soins Waselle Pierre-Marie
33%
Approche psychologique de la crise Wautlet Sofie
33%
Prise en charge et premiers soins Wautlet Sofie
33%
Anglais 3 Cherkaoui Belbasri Nabila
0%
Gestion des données et informatique Durieux Marianne
0%
Pratique de gestion des risques et de planification au niveau national Durieux Marianne
0%
Activités d'intégration professionnelle III Durieux Marianne
0%
Economie Gogolan Carmen
0%
Approche socio-politique de la crise Honorez Annick
0%
Gestion des données et informatique Leonard Vincent
0%
Pratique de Communication Massaux Vincent
0%
Analyse de cas et Mises en situation Michel Georges
0%
Pratique de Communication Simonis Martine
0%
Analyse de cas et Mises en situation Smets Bruno
0%
Citoyens et victimes Vanderlinden Patricia
0%
Aucun quiz correspondant
Distribution des résultats
% des personnes avec chaque résultat
Percentile par nombre de réponses
Votre historique - résultats
Vous n’avez pas pris ce quiz